| 000 | 02211nam0a2200361 i 4500 | ||
|---|---|---|---|
| 001 | RU\NLR\BIBL_A\010814197 | ||
| 005 | 20240921121642.0 | ||
| 010 |
_a9785901585825 _9200 |
||
| 021 |
_aRU _b2015-47969 _92853 |
||
| 021 |
_aRU _b2015-47969 _93328 |
||
| 035 | _a(NILC)RuMoRGB-007965465 | ||
| 035 | _a(NLR Aleph) 010814197 | ||
| 090 |
_a10216350 _c10216350 |
||
| 100 | _a20150806d2014 k y0rusy50 ca | ||
| 101 | 0 | _arus | |
| 102 | _aRU | ||
| 105 | _aa|||z||||00yy | ||
| 200 | 1 |
_aОрганизационно-экономические аспекты реструктуризации предприятий легкой промышленности _e(на материалах Кабардино-Балкарской Республики) _eмонография _fС.В. Галачиева, С.А. Махошева, А.М. Амирамова [и др.] _gМ-во образования и науки РФ, Федеральное гос. бюджетное образовательное учреждение высш. проф. образования "Северо-Кавказский горно-металлургический ин-т (гос. технологический ун-т)" |
|
| 210 |
_aВладикавказ _cСеверо-Кавказский горно-металлургический институт (государственный технологический университет) _cТерек _d2014 |
||
| 215 |
_a160 с. _cил. _d21 |
||
| 320 | _aБиблиогр.: с. 151-160 (169 назв.) | ||
| 606 | 1 |
_aЛегкая промышленность _xРеструктуризация _yКабардино-Балкарская Республика _92257606 _3RU\NLR\AUTH\6601583876 |
|
| 686 | 1 | _aУ30(2)-312(2Р-6К) | |
| 686 | 1 | _aУ30(2)51(2Р-6К) | |
| 701 | 1 |
_aГалачиева _bС. В. _gСветлана Владимировна |
|
| 701 | 1 |
_aМахошева _bС. А. _gСалима Александровна |
|
| 701 | 1 |
_aАмирамова _bА.М. _gАнжелика Мардахаевна |
|
| 801 | 0 |
_aRU _bРГБ _c20150630 _gRCR |
|
| 801 | 1 |
_aRU _bРГБ _c20150630 _2rusmarc |
|
| 942 | _cBOOK | ||
| 980 | _aNBR | ||